| 000 | 00000nam##2200000za#4500 |
| 001 | 9.698253 |
| 003 | CaOODSP |
| 005 | 20210624235839 |
| 007 | cr ||||||||||| |
| 008 | 150407|1963||||xxc|||||o f|0| 0 eng|d |
| 040 | |aCaOODSP|beng |
| 043 | |an-cn--- |
| 086 | 1 |aA53-1180/1963E-PDF |
| 110 | 1 |aCanada.|bAgriculture Canada.|bResearch Branch. |
| 245 | 14|aThe gentians of Canada, Alaska and Greenland / |h[electronic resource]|c[by] John M. Gillett, Plant Research Institute, Central Experimental Farm, Ottawa, Ontario. |
| 260 | |aOttawa - Ontario : |bAgriculture Canada. |cJune 1963. |
| 300 | |a108p.|bfigs., glossary, maps, references, index |
| 500 | |aHistorical publication digitized by Agriculture and Agri-Food Canada. |
| 590 | |a13-17-Supp|b2013-07-25 |
| 690 | 07|aFlora|2gcpds |
| 690 | 07|aWild plants|2gcpds |
| 856 | 40|ahttp://publications.gc.ca|qPDF|s6.34 MB|uhttps://publications.gc.ca/collections/collection_2013/aac-aafc/agrhist/A53-1180-1963-eng.pdf |
| 986 | |a1180 |